Handy (recorte) /

Guardado en:
Autor Principal: Caldwell Erskine
Formato: Libro
Publicado: : , 1991
Series:First N§ 63
Materias:
Fc
Etiquetas: Agregar Etiqueta
Sin Etiquetas, Sea el primero en etiquetar este registro!
LEADER 00445nam a22001815a 4500
001 CEM.cems009203
005 20060214000000.0
008 130507s1991##################000#0#####d
003 CEMS
082 0 4 |a FA860 
100 1 |a Caldwell Erskine 
245 1 0 |a Handy (recorte) / 
260 |a  :  |b ,  |c 1991 
300 |a 2 p. 
490 0 |a First N§ 63 
653 |a Fc 
653 |a Literatura-cuentos 
859 |a CEMS  |b BIB. CEMS - 11 de abril  |h FA860  |i 37  |p 1433.44  |t Ej.1